000 00629nam a2200205Ia 4500
003 IN-BaIIA
008 211028s9999 xx 000 0 eng d
040 _cIIA Library
080 _a083.7:621.922-218-219
_bISI
110 _aIndian Standards Institution
245 0 _aIndian standard mounting dimensions for grinding wheels
_cIndian Standards Institution
260 _aNew Delhi
_bIndian Standards Institution
_c1974
300 _a10p.
500 _aIS 2996 : 1964
650 _a Grinding Machines 
_99294
650 _a Mounting Dimensions
_99295
650 _a Standards 
650 _aNASA Thesaurus 
942 _cBK
999 _c5311
_d5311